000
00192nam a2200085Ia 4500
008
230915s9999 xx 000 0 und d
050
_a
TL540 .E S596 1990
245
0
_a
GREAT LIVES
942
_c
BK
999
_c
205300
_d
205300